Comuni della Provincia di Treviso (con mappa) - Statistics

Statistiche generali
  • Questo quiz è stato fatto 294 volte
  • Il punteggio medio è 54 su 94
Risposte nella Mappa
Le risposte nella mappa del quiz sottostante sono codificate secondo una scala di colori dal rosso al verde in base alla % di persone che hanno risposto correttamente.
 
Statistiche sulle risposte
Risposta % Corretto
Treviso
99%
Conegliano
94%
Vittorio Veneto
92%
Oderzo
90%
Castelfranco Veneto
84%
Montebelluna
84%
Paese
79%
Maser
78%
Valdobbiadene
78%
Motta di Livenza
77%
Villorba
76%
Asolo
72%
Nervesa della Battaglia
72%
Spresiano
72%
Mogliano Veneto
71%
Pieve di Soligo
70%
Roncade
70%
Preganziol
69%
Silea
69%
Istrana
67%
Mareno di Piave
67%
Zero Branco
66%
Cison di Valmarino
65%
Susegana
65%
Volpago del Montello
65%
Ponte di Piave
64%
Maserada sul Piave
63%
San Fior
62%
Caerano di San Marco
60%
Cordignano
60%
Godega di Sant'Urbano
60%
Quinto di Treviso
60%
Riese Pio X
60%
San Vendemiano
60%
Vidor
60%
Casale sul Sile
59%
Casier
58%
Vedelago
58%
Follina
57%
San Biagio di Callalta
57%
Cornuda
56%
Meduna di Livenza
56%
Altivole
55%
Arcade
55%
Giavera del Montello
55%
Monastier di Treviso
55%
Carbonera
53%
Pederobba
53%
Santa Lucia di Piave
53%
Trevignano
53%
Possagno
52%
Cessalto
51%
Mansuè
51%
Ormelle
51%
Ponzano Veneto
51%
Vazzola
51%
Farra di Soligo
50%
Fregona
50%
Gaiarine
50%
Gorgo al Monticano
50%
Revine Lago
50%
San Polo di Piave
50%
Colle Umberto
49%
Fontanelle
49%
Loria
49%
Povegliano
49%
Tarzo
49%
Breda di Piave
48%
Orsago
48%
Portobuffolé
48%
San Zenone degli Ezzelini
48%
Sarmede
48%
Sernaglia della Battaglia
48%
Castello di Godego
47%
Fonte
47%
Resana
47%
Zenson di Piave
47%
Borso del Grappa
45%
Cappella Maggiore
45%
Cimadolmo
45%
Codognè
45%
Refrontolo
45%
Salgareda
45%
Crocetta del Montello
44%
Miane
44%
Segusino
44%
Castelcucco
43%
Pieve del Grappa
43%
Chiarano
42%
San Pietro di Feletto
41%
Cavaso del Tomba
40%
Monfumo
40%
Morgano
38%
Moriago della Battaglia
38%
Nessun quiz corrispondente trovato
Distribuzione punteggi
Percentuale di utenti per punteggio
Percentile per numero di risposta
I tuoi punteggi nel tempo
Non hai fatto questo quiz